| 000 | 00654nab a2200193 4500 | ||
|---|---|---|---|
| 001 | 244442 | ||
| 003 | OSt | ||
| 005 | 20240822080950.0 | ||
| 007 | tu | ||
| 008 | 200917s2020||||||| | ||
| 040 |
_aDE-2950 _cDE-2950 |
||
| 245 | 0 | 0 |
_aMade in GDR und legendär _bNostalgie. Die Radiowecker aus dem Halbleiterwerk Frankfurt funktionieren oft noch immer - Erinnerung an die Konsumgüterproduktion im HFO/ _cHeinz Kannenberg |
| 264 | _c2024 | ||
| 653 | _aFrankfurt (Oder) | ||
| 653 | _aHalbleiterwerk | ||
| 653 | _aKonsumgüterproduktion | ||
| 773 | 0 |
_g35. Jahrgang (2024) Nr. 185 vom 09.08.2024, S. 17, mit Foto _tMärkische Oderzeitung |
|
| 942 |
_2z _cA |
||
| 999 |
_c373286 _d373286 |
||